Estadísticas para Apellidos de Juego de Tronos

Haz click aquí para intentar la prueba.

Estadísticas generales

  • Esta prueba ha sido intentada 612 veces
  • La puntuación promedio es 12 de 15

Estadísticas de respuestas

HintRespuesta% Correcto
JonSnow
98%
TyrionLannister
97%
EddardStark
97%
DaenerysTargaryen
88%
StannisBaratheon
87%
LorasTyrell
86%
OberynMartell
84%
TheonGreyjoy
82%
JorahMormont
75%
LysaArryn
72%
SamwellTarly
72%
SandorClegane
65%
PetyrBaelish
63%
EdmureTully
62%
JojenReed
43%

Distribución de puntuación

Porcentaje por número respondido

Porcentaje de gente con cada puntuación

Historial de tus puntuaciones

No has intentado esta prueba.